=LDR 00000nam 2200000 4500 =001 INLIS000000000027641 =005 20130612130011 =008 ***********************************Ind** =035 ##$$0010-061300000027641 =041 ##$$a Ind =082 ##$$a 372.8 =090 ##$$a 372.8, Alf b =100 ##$$a Alfianto, Ari Agus =245 ##$$a Buku pintar sukses belajar untuk SD-SMP, Ari Agus alfianto =260 ##$$a 1998 $b Surabaya =300 ##$$a 112 hlm, ilus6c20 cm =650 ##$$a Ringkasan dasar-IPS =850 ##$$a NBPNMAT